02447cam a2200421u 450000100060000000300080000600500170001400800410003102000140007203500190008604000440010504100080014908200260015724501340018325000120031726000370032930000310036649000180039750000370041550400200045265000230047265000210049565000230051670000320053971000690057194200120064099900170065295201350066995201390080495201370094395201370108095201370121795201370135495201370149195201320162895201320176095201330189212710BD-RjUL20211208235338.0140129t1958 nyuao 00100 eng u a070015147 a(BD-RjUL)12760 cOTdNNUdCStRLINdBD-RjULaBD-RjULbeng aeng04216a620.102bMET 195810aMetals engineering processes /cSponsored by the Metals engineering handbook board, the American Society of Mechanical Engineers. a1st ed.0 aNew York :bMcGraw-Hill,cc1958. a428 p. :c27 cm.billus. ;0 aAsme handbook aAt head of title: ASME handbook. aincludes index. 0aMetallurgy.939578 0aFounding.939579 0aMetal-work.9390351 aBolz, Roger William,93958020aAmerican Society of MMchanical Engineers:tASME handbook.939581 2ddccBK c12710d12710 00102ddc40708NFICaRUCLbRUCLcStackd1973-10-20eU.S.GOVT Giftl0o620.102 MET 1958r2014-01-29 00:00:00tC-9w2014-01-29yBK 00102ddc40718NFICaRUCLbRUCLcReadingd1973-10-20eU.S.GOVT g0.00l0o620.102 MET 1958r2017-05-27 00:00:00tC-1w2017-05-27yBK 00102ddc40708NFICaRUCLbRUCLcStackd1973-10-20eU.S.GOVT g0.00l0o620.102 MET 1958r2017-05-27 00:00:00tC-2w2017-05-27yBK 00102ddc40708NFICaRUCLbRUCLcStackd1973-10-20eU.S.GOVT g0.00l0o620.102 MET 1958r2017-05-27 00:00:00tC-3w2017-05-27yBK 00102ddc40708NFICaRUCLbRUCLcStackd1973-10-20eU.S.GOVT g0.00l0o620.102 MET 1958r2017-05-27 00:00:00tC-4w2017-05-27yBK 00102ddc40708NFICaRUCLbRUCLcStackd1973-10-20eU.S.GOVT g0.00l0o620.102 MET 1958r2017-05-27 00:00:00tC-5w2017-05-27yBK 00102ddc40708NFICaRUCLbRUCLcStackd1973-10-20eU.S.GOVT g0.00l0o620.102 MET 1958r2017-05-27 00:00:00tC-6w2017-05-27yBK 00102ddc40708NFICaRUCLbRUCLcStackd1973-10-20eU.S. Govt.l0o620.102 MET 1958r2017-06-01 00:00:00tC-8w2017-06-01yBK 00102ddc40708NFICaRUCLbRUCLcStackd1973-10-20eU.S. Govt.l0o620.102 MET 1958r2017-06-01 00:00:00tC-7w2017-06-01yBK 00102ddc40708NFICaRUCLbRUCLcStackd1973-10-20eU.S. Govt.l0o620.102 MET 1958r2017-06-01 00:00:00tC-10w2017-06-01yBK